[Event "8th Sunway Sitges 2021"]
[Site "Sitges ESP"]
[Date "2021.12.13"]
[Round "1.27"]
[White "Narciso Dublan, Marc"]
[Black "Laddha, Shubh Jayesh"]
[Result "1/2-1/2"]
[WhiteTitle "GM"]
[WhiteElo "2519"]
[BlackElo "2171"]
[WhiteFideId "2201500"]
[BlackFideId "30942799"]
[EventDate "2021.12.13"]

1. e4 e5 2. Nf3 Nc6 3. g3 Nf6 4. d3 Bc5 5. Bg2 O-O 6. O-O d6 7. c3 a6 8. b4 Ba7
9. Nbd2 Be6 10. h3 h6 11. Bb2 Qd7 12. Kh2 Rad8 13. a4 a5 14. b5 Ne7 15. d4 exd4
16. Nxd4 d5 17. e5 Ne4 18. Nxe4 dxe4 19. Qe2 Nf5 20. Qxe4 Nxd4 21. cxd4 Bd5 22.
Qxd5 Qxd5 23. Bxd5 Rxd5 24. Rfc1 c6 25. bxc6 bxc6 26. Rxc6 Bxd4 27. Bxd4 Rxd4
28. Rc5 Ra8 29. g4 g5 30. Kg3 Ra6 31. f3 Kf8 32. h4 Ke7 33. Rc7+ Kf8 34. Rb1 Re6
35. Rbb7 Rf4 36. Rc8+ Kg7 37. Rc5 Rxa4 38. Ra7 Kg8 39. Rc8+ Kg7 40. Rc5 Kg8 41.
Rc8+ Kg7 42. Rcc7 Rf4 43. Rxa5 Rb4 44. Rd5 Ra4 45. Rc8 Ra3 46. h5 Re3 47. Rdd8
R3xe5 48. Rg8+ Kf6 49. Rh8 Ke7 50. Rc7+ Kd6 51. Rxf7 Re1 52. Rd8+ Kc6 53. Rd2
Rg1+ 54. Rg2 Rf1 55. Rc2+ Kd6 56. Rfc7 Rg1+ 57. Kf2 Rge1 58. R2c6+ Kd5 59. Rxe6
Rxe6 60. f4 gxf4 61. Kf3 Ke5 62. Rf7 Rf6 63. Re7+ Kd6 64. Re8 Kd5 65. Re4 Rf8
66. Rxf4 Rxf4+ 67. Kxf4 Ke6 68. g5 hxg5+ 69. Kxg5 Kf7 1/2-1/2

[Event "8th Sunway Sitges 2021"]
[Site "Sitges ESP"]
[Date "2021.12.13"]
[Round "1.28"]
[White "Lorscheid, Gerhard"]
[Black "Karthik, Venkataraman"]
[Result "0-1"]
[WhiteTitle "FM"]
[BlackTitle "GM"]
[WhiteElo "2169"]
[BlackElo "2506"]
[WhiteFideId "4606000"]
[BlackFideId "25006479"]
[EventDate "2021.12.13"]

1. d4 d5 2. c4 c6 3. Nf3 Nf6 4. e3 Bg4 5. h3 Bh5 6. Bd3 e6 7. Nbd2 Nbd7 8. O-O
Bd6 9. b3 O-O 10. Bb2 Rc8 11. Qb1 Bg6 12. e4 dxe4 13. Nxe4 Nxe4 14. Bxe4 Qa5 15.
Qe1 Bb4 16. Qe3 Rfd8 17. Bxg6 hxg6 18. c5 Qa6 19. Rfc1 Ba5 20. a3 Bc7 21. a4 Nf6
22. b4 b6 23. b5 Qb7 24. cxb6 Bxb6 25. Ne5 cxb5 26. axb5 Rxc1+ 27. Rxc1 Qd5 28.
Nc6 Rd7 29. Qe2 Qb3 30. Rc3 Qa2 31. Qc2 Qd5 32. Ne5 Rd8 33. Nc6 Re8 34. Qb3 Qf5
35. g4 Qe4 36. Qc2 Qd5 37. Qb3 Qd7 38. Rf3 Bc7 39. Ba3 Ne4 40. Bc1 g5 41. Qa2
Qd6 42. Qxa7 Qh2+ 43. Kf1 Qh1+ 44. Ke2 Qxc1 45. Qxc7 Qb2+ 0-1

[Event "8th Sunway Sitges 2021"]
[Site "Sitges ESP"]
[Date "2021.12.13"]
[Round "1.29"]
[White "Sankalp, Gupta"]
[Black "Varshini, V"]
[Result "1-0"]
[WhiteTitle "IM"]
[BlackTitle "WGM"]
[WhiteElo "2504"]
[BlackElo "2165"]
[WhiteFideId "5097010"]
[BlackFideId "5091241"]
[EventDate "2021.12.13"]

1. Nf3 d5 2. g3 Nf6 3. Bg2 e6 4. O-O Be7 5. d3 O-O 6. Nbd2 c5 7. e4 Nc6 8. Re1
Qc7 9. Qe2 Rd8 10. e5 Nd7 11. Nf1 b5 12. h4 b4 13. N1h2 a5 14. h5 h6 15. Ng4 Bf8
16. Bf4 a4 17. Qd2 Kh7 18. a3 Qb6 19. Bxh6 gxh6 20. Qf4 f5 21. exf6 Nd4 22. Ng5+
hxg5 23. Qxg5 Nf5 24. Bxd5 exd5 25. Qxf5+ Kh8 26. Qg6 Ra7 27. Re7 Nxf6 28. Nxf6 1-0

[Event "8th Sunway Sitges 2021"]
[Site "Sitges ESP"]
[Date "2021.12.13"]
[Round "1.30"]
[White "Betaneli, Alexander"]
[Black "Muradli, Mahammad"]
[Result "0-1"]
[WhiteTitle "FM"]
[BlackTitle "IM"]
[WhiteElo "2163"]
[BlackElo "2503"]
[WhiteFideId "2012359"]
[BlackFideId "13409301"]
[EventDate "2021.12.13"]

1. d4 d6 2. Nf3 g6 3. c4 Bg7 4. Nc3 Nd7 5. Qc2 e5 6. e3 Ne7 7. b3 O-O 8. Be2
exd4 9. Nxd4 c5 10. Nf3 d5 11. cxd5 Nxd5 12. Bd2 Nb4 13. Qc1 Nf6 14. O-O Bf5 15.
Ne1 Qd7 16. a3 Rfd8 17. axb4 Qxd2 18. Nf3 Qxc1 19. Raxc1 cxb4 20. Na4 Ne4 21.
Rc7 Rd7 22. Rxd7 Bxd7 23. Rd1 Bxa4 24. bxa4 Nc3 0-1

[Event "8th Sunway Sitges 2021"]
[Site "Sitges ESP"]
[Date "2021.12.13"]
[Round "1.31"]
[White "Priasmoro, Novendra"]
[Black "Atanasov, Anthony"]
[Result "1-0"]
[WhiteTitle "GM"]
[BlackTitle "FM"]
[WhiteElo "2502"]
[BlackElo "2162"]
[WhiteFideId "7105029"]
[BlackFideId "2623897"]
[EventDate "2021.12.13"]

1. e4 c5 2. Nf3 d6 3. d4 cxd4 4. Nxd4 Nf6 5. Nc3 a6 6. Bg5 Nbd7 7. f4 Qc7 8. Qf3
b5 9. O-O-O Bb7 10. Bd3 g6 11. Nd5 Nxd5 12. exd5 Bg7 13. Nc6 Bf6 14. h4 h6 15.
Bxf6 Nxf6 16. f5 gxf5 17. Bxf5 Nxd5 18. Rxd5 Qxc6 19. Be4 Qc4 20. Re1 Rc8 21.
Rxd6 Bxe4 22. Qxe4 Qxe4 23. Rxe4 Rg8 24. Rxh6 Rxg2 25. Rh8+ Kd7 26. Rxc8 Kxc8
27. Rxe7 Rg4 28. Rxf7 Rxh4 29. Ra7 Rh6 30. Kd2 Kb8 31. Re7 Rh2+ 32. Kc3 Rh3+ 33.
Kb4 Rh2 34. Kb3 Rh3+ 35. c3 Rh4 36. Rd7 Rg4 37. Rd4 Rg2 38. a4 Kc7 39. a5 Rg1
40. Kb4 Kc6 41. Rh4 Rg6 42. b3 Rg7 43. Rh6+ Kb7 44. Rb6+ Ka7 45. Rd6 Kb7 46. Kc5
Rg5+ 47. Rd5 Rg3 48. Rd7+ Kc8 49. Rd6 Kb7 50. Kb4 Rg4+ 51. c4 bxc4 52. bxc4 Rg1
53. Rb6+ Ka7 54. Re6 Rg5 55. Re7+ Kb8 56. Rd7 Rh5 57. Rd5 Rh6 58. Re5 Rh7 59.
Re6 Kb7 60. Kc5 Rc7+ 61. Kd5 Rd7+ 62. Rd6 Rh7 63. Rb6+ Ka7 64. Re6 Kb7 65. c5
Rd7+ 66. Rd6 Re7 67. Rb6+ Ka7 68. Re6 Rh7 69. Kd6 Rh1 70. Re7+ Kb8 71. Re8+ Ka7
72. Re6 Rd1+ 73. Kc6 Rb1 74. Kd7 Rb4 75. Rd6 Rh4 76. c6 Rh7+ 77. Kc8 Rh8+ 78.
Rd8 Rh7 79. Rd7+ Ka8 80. Kc7 Rh8 81. Rd8+ Ka7 82. Kc8 Rh7 83. Rd7+ Ka8 84. Kc7
Rh8 85. Kb6 Rb8+ 86. Kxa6 Rc8 87. Ra7+ Kb8 88. Rb7+ Ka8 89. c7 1-0

[Event "8th Sunway Sitges 2021"]
[Site "Sitges ESP"]
[Date "2021.12.13"]
[Round "1.32"]
[White "Fanninger, Leon"]
[Black "Harsha, Bharathakoti"]
[Result "0-1"]
[BlackTitle "GM"]
[WhiteElo "2160"]
[BlackElo "2489"]
[WhiteFideId "1649400"]
[BlackFideId "5078776"]
[EventDate "2021.12.13"]

1. d4 Nf6 2. Nf3 g6 3. g3 Bg7 4. Bg2 O-O 5. O-O d6 6. b3 b5 7. Nbd2 Bb7 8. c4
bxc4 9. bxc4 Nbd7 10. Rb1 Rb8 11. Qa4 Nb6 12. Qc2 Qd7 13. Bb2 Qa4 14. Rfc1 Qxc2
15. Rxc2 Na4 16. Ne1 Bxg2 17. Kxg2 c5 18. dxc5 Nxc5 19. Bxf6 Bxf6 20. Rxb8 Rxb8
21. Nd3 Ne6 22. e3 Bg7 23. Ne4 Re8 24. Nb4 f5 25. Nd2 a5 26. Nd5 Kf7 27. Nb6 Rb8
28. Nd5 Nc5 29. Kf3 e6 30. Nc7 Nd3 31. Na6 Rb6 32. Ke2 Nxf2 33. c5 dxc5 34. Nxc5
Ng4 35. Nc4 Rb1 36. Nxa5 Nxh2 37. Nd3 Nf1 38. Kf2 Nh2 39. Rc7+ Kf6 40. Nc4 Ng4+
41. Ke2 Ra1 42. Ra7 Bf8 43. Nb6 Bd6 44. Nd7+ Kg5 45. Nf4 e5 46. Ne6+ Kh6 47.
Ndf8 Nf6 48. a4 Ra2+ 49. Kf1 Bxf8 50. Nxf8 Kg5 51. Nxh7+ Nxh7 52. Rxh7 Kg4 53.
e4 Kxg3 54. exf5 gxf5 55. Ra7 e4 56. a5 Kf3 57. Kg1 e3 58. Rf7 Rxa5 0-1

[Event "8th Sunway Sitges 2021"]
[Site "Sitges ESP"]
[Date "2021.12.13"]
[Round "1.33"]
[White "Vasquez Schroeder, Rodrigo"]
[Black "Fisabilillah, Ummi"]
[Result "1-0"]
[WhiteTitle "GM"]
[BlackTitle "WIM"]
[WhiteElo "2484"]
[BlackElo "2159"]
[WhiteFideId "3400042"]
[BlackFideId "7104804"]
[EventDate "2021.12.13"]

1. e4 e6 2. Qe2 Be7 3. Nf3 d5 4. d3 Nf6 5. e5 Nfd7 6. g3 c5 7. h4 Nc6 8. Bh3 h6
9. Bg4 Qc7 10. Bf4 b6 11. c3 Ba6 12. a4 O-O-O 13. a5 Ndb8 14. Na3 Qd7 15. Nb5
Rhf8 16. d4 cxd4 17. cxd4 Bb4+ 18. Kf1 Kb7 19. Kg2 Nxa5 20. Ne1 Nbc6 21. Nc2 Be7
22. Qd3 Rc8 23. Be2 Ka8 24. Rac1 Bb7 25. f3 f6 26. exf6 Rxf6 27. Ne3 a6 28. Na3
Rcf8 29. Nac2 Rxf4 30. gxf4 Rxf4 31. b4 Nxb4 32. Nxb4 Bxb4 33. Rb1 Nc6 34. Nc2
Ba5 35. Qe3 Rf6 36. f4 Qc7 37. Rbf1 Ne7 38. Bd3 Qd7 39. Ra1 Qc7 40. Rhf1 Ka7 41.
Rf2 Qd7 42. Ne1 Qe8 43. Nf3 Qh5 44. Ne5 Qe8 45. Qc1 Qd8 46. Rc2 Qd6 47. Rb1 Kb8
48. Rcb2 Ka8 49. Rc2 Kb8 50. Qe3 Ka7 51. Kg1 Qa3 52. Rc7 Nf5 53. Rxb7+ Ka8 54.
Nc6 1-0

[Event "8th Sunway Sitges 2021"]
[Site "Sitges ESP"]
[Date "2021.12.13"]
[Round "1.34"]
[White "Garcia Molina, Jose"]
[Black "Dann, Matthias"]
[Result "0-1"]
[BlackTitle "IM"]
[WhiteElo "2157"]
[BlackElo "2482"]
[WhiteFideId "32030592"]
[BlackFideId "24638056"]
[EventDate "2021.12.13"]

1. d4 Nf6 2. c4 e6 3. Nc3 Bb4 4. Qc2 Nc6 5. Nf3 d6 6. Bd2 O-O 7. a3 Bxc3 8. Bxc3
Re8 9. Rd1 Qe7 10. e4 e5 11. d5 Nd4 12. Bxd4 exd4 13. Bd3 Bg4 14. Rd2 Bxf3 15.
gxf3 c5 16. Qc1 Nh5 17. Kd1 Qf6 18. Be2 Nf4 19. Rg1 Re5 20. Rg3 Rh5 21. Kc2 Rxh2
22. Bd3 Re8 23. Qg1 Rh4 24. Rd1 g6 25. Rd2 Re5 26. b4 b6 27. bxc5 bxc5 28. Qb1
Kg7 29. Rd1 Nh5 30. Rh1 Rxh1 31. Qxh1 Nxg3 32. fxg3 Qd8 33. f4 Re8 34. g4 Qa5
35. Qf3 Qc3+ 36. Kd1 Rb8 37. f5 Rb1+ 38. Ke2 Qe1# 0-1

[Event "8th Sunway Sitges 2021"]
[Site "Sitges ESP"]
[Date "2021.12.13"]
[Round "1.35"]
[White "Di Berardino, Diego Rafael"]
[Black "Tarigan, Gilbert Elroy"]
[Result "1/2-1/2"]
[WhiteTitle "IM"]
[BlackTitle "IM"]
[WhiteElo "2480"]
[BlackElo "2149"]
[WhiteFideId "2105446"]
[BlackFideId "7108133"]
[EventDate "2021.12.13"]

1. d4 Nf6 2. c4 c6 3. Nc3 d5 4. Nf3 g6 5. cxd5 cxd5 6. Bf4 Bg7 7. e3 O-O 8. Be2
Nc6 9. Ne5 Qb6 10. a3 Ne4 11. Nxc6 bxc6 12. O-O Qxb2 13. Nxe4 dxe4 14. Bc4 e5
15. dxe5 Bxe5 16. Rb1 Qc3 17. Bxe5 Qxe5 18. Qa4 Be6 19. Bxe6 Qxe6 20. Rbc1 Rfc8
21. Rc4 c5 22. Rfc1 Qc6 23. Rxe4 Qxa4 24. Rxa4 Rc7 25. g4 Rb8 26. Rcc4 Rb2 27.
Ra5 Ra2 28. g5 Kg7 29. h4 h6 30. Kg2 hxg5 31. hxg5 Re7 32. Kg3 Re5 33. Raxc5
Rxc5 34. Rxc5 Rxa3 35. Rc7 Ra5 36. f4 Ra3 37. Kf3 Kf8 38. Rb7 Kg7 39. Rb5 Kf8
40. Ke4 Kg7 41. Kd4 Ra4+ 42. Kd5 Ra3 43. e4 Rd3+ 44. Kc6 Ra3 45. Kd5 Ra1 46. Ke5
Ra2 47. f5 gxf5 48. exf5 Re2+ 49. Kf4 Rf2+ 50. Kg3 Rf1 51. Kg2 Rf4 52. Kh3 Rf1
53. Ra5 Rh1+ 54. Kg3 Rg1+ 55. Kf4 Rf1+ 56. Ke3 Rg1 57. g6 fxg6 58. Rxa7+ Kf6 59.
fxg6 Kxg6 1/2-1/2

[Event "8th Sunway Sitges 2021"]
[Site "Sitges ESP"]
[Date "2021.12.13"]
[Round "1.36"]
[White "Ruiz Buendia, Miguel"]
[Black "Bharath, Subramaniyam H"]
[Result "0-1"]
[BlackTitle "IM"]
[WhiteElo "2141"]
[BlackElo "2479"]
[WhiteFideId "24537675"]
[BlackFideId "46634827"]
[EventDate "2021.12.13"]

1. e4 c5 2. Nf3 e6 3. d4 cxd4 4. Nxd4 a6 5. Bd3 Nf6 6. O-O Qc7 7. Qe2 d6 8. f4
Nbd7 9. c4 Be7 10. Nc3 O-O 11. Kh1 b6 12. Bd2 Re8 13. f5 Ne5 14. Rac1 Bd8 15.
fxe6 fxe6 16. Nf3 Nfg4 17. b4 Bb7 18. Bf4 Bf6 19. Nxe5 Nxe5 20. Be3 Rab8 21. c5
dxc5 22. Bxa6 c4 23. Bxb7 Qxb7 24. Bf4 Rbc8 25. Nb5 Qe7 26. Bxe5 Bxe5 27. Qh5
Bb2 28. Rc2 Rf8 29. Rcf2 Qxb4 30. Qg4 h6 31. Qxe6+ Kh7 32. g3 c3 33. Nd4 Rxf2
34. Rxf2 Qxd4 35. Qf5+ g6 36. Qxc8 Qxf2 37. Qd7+ Kg8 38. Qe8+ Kg7 39. Qe7+ Qf7
40. Qe5+ Kh7 0-1

[Event "8th Sunway Sitges 2021"]
[Site "Sitges ESP"]
[Date "2021.12.13"]
[Round "1.37"]
[White "Garriga Cazorla, Pere"]
[Black "Goormachtigh, Johan"]
[Result "1-0"]
[WhiteTitle "IM"]
[BlackTitle "FM"]
[WhiteElo "2477"]
[BlackElo "2140"]
[WhiteFideId "32011601"]
[BlackFideId "200280"]
[EventDate "2021.12.13"]

1. Nf3 c5 2. c4 Nc6 3. Nc3 g6 4. e3 Nf6 5. d4 cxd4 6. exd4 d5 7. Bg5 Be6 8. Bxf6
exf6 9. c5 Bg7 10. h3 O-O 11. Bb5 Bf5 12. O-O Be4 13. Bxc6 Bxf3 14. Qxf3 bxc6
15. b4 f5 16. Rfd1 a6 17. a4 Qd7 18. Rab1 Rfb8 19. Rb3 h5 20. Qd3 h4 21. Rdb1
Re8 22. b5 axb5 23. axb5 cxb5 24. Rxb5 Ra3 25. Qd2 Qa7 26. Nxd5 Qd7 27. Qb2 Rd3
28. Rb8 Rxd4 29. c6 Qxd5 30. Rxe8+ Kh7 31. Qb3 Qxc6 32. Qxf7 Rd7 33. Qg8+ Kh6
34. Rbe1 Qd5 35. R8e6 Rd6 36. Qf7 Rxe6 37. Rxe6 1-0

[Event "8th Sunway Sitges 2021"]
[Site "Sitges ESP"]
[Date "2021.12.13"]
[Round "1.38"]
[White "Dukic, Zachary"]
[Black "Saduakassova, Dinara"]
[Result "1-0"]
[BlackTitle "IM"]
[WhiteElo "2140"]
[BlackElo "2477"]
[WhiteFideId "2617188"]
[BlackFideId "13700090"]
[EventDate "2021.12.13"]

1. d4 Nf6 2. c4 e6 3. Nc3 Bb4 4. f3 d5 5. a3 Be7 6. e4 dxe4 7. fxe4 c5 8. d5 O-O
9. Nf3 exd5 10. e5 Ng4 11. cxd5 Re8 12. Bb5 Bd7 13. O-O Bxb5 14. Nxb5 Qb6 15. h3
Qxb5 16. hxg4 Nd7 17. Qc2 f6 18. Bf4 fxe5 19. Nxe5 Nxe5 20. Bxe5 Qd7 21. Bxg7
Qxg4 22. Bc3 Qg6 23. Qb3 Bg5 24. Rf3 b6 25. Raf1 Re3 26. Rf7 Qxf7 27. Rxf7 Kxf7
28. d6+ Kg6 29. Qd5 Rf8 30. d7 Re7 31. Qd6+ Kh5 32. Bd2 Bf6 33. Qh2+ Bh4 34. Qh3
Rg7 35. Qe6 Rgg8 36. Qe2+ Kg6 37. Qg4+ Kf7 38. Qxh4 Ke6 39. Qxh7 Rh8 40. Qg6+
Kxd7 41. Qg7+ Kc6 42. Qxa7 Rd8 43. Qa4+ Kb7 44. Bc3 Rhg8 45. Qb3 Rg4 46. Qf7+
Ka6 47. Qf1+ Ka7 48. Qe2 Rdg8 49. Be5 R4g6 50. Qf3 Ka6 51. g3 Ka7 52. Kg2 Ka6
53. Qd3+ Ka7 54. a4 Rg5 55. Bf4 R5g7 56. Qb5 Rc8 57. a5 bxa5 58. Qxa5+ Kb7 59.
Qb5+ Ka7 60. Bd6 Rcg8 61. Bxc5+ Ka8 62. Qa6+ 1-0

[Event "8th Sunway Sitges 2021"]
[Site "Sitges ESP"]
[Date "2021.12.13"]
[Round "1.40"]
[White "Chitlange, Sakshi"]
[Black "Vrolijk, Liam"]
[Result "1/2-1/2"]
[WhiteTitle "WIM"]
[BlackTitle "IM"]
[WhiteElo "2132"]
[BlackElo "2473"]
[WhiteFideId "35002899"]
[BlackFideId "1048333"]
[EventDate "2021.12.13"]

1. d4 Nf6 2. c4 e6 3. g3 c5 4. d5 exd5 5. cxd5 d6 6. Bg2 b5 7. b3 g6 8. Bb2 Bg7
9. Nh3 O-O 10. O-O Re8 11. Nd2 Bxh3 12. Bxh3 Nbd7 13. Bg2 Nb6 14. Re1 a5 15. e4
a4 16. Rb1 axb3 17. axb3 Ra2 18. Ba1 Qe7 19. Nf1 Nfd7 20. Bxg7 Kxg7 21. Ra1 Rxa1
22. Qxa1+ Qf6 23. Ne3 Ra8 24. Qb1 c4 25. bxc4 bxc4 26. Rc1 Qd4 27. Qb4 Ra2 28.
Qc3 Qxc3 29. Rxc3 Nc5 30. f3 Nca4 31. Rc2 Ra1+ 32. Bf1 c3 33. Kf2 Rb1 34. Bd3
Nd7 35. Nc4 Ne5 36. Nxe5 dxe5 37. Ke2 Rb4 38. Rc1 Kf8 39. Bc2 Nb2 40. Bd3 Na4
41. Bc2 Nc5 42. Rb1 Rd4 43. Rd1 Ke7 44. Ke3 Rb4 45. Rb1 Rd4 46. Rd1 Rb4 47. Rb1 1/2-1/2

[Event "8th Sunway Sitges 2021"]
[Site "Sitges ESP"]
[Date "2021.12.13"]
[Round "1.41"]
[White "Stefanova, Antoaneta"]
[Black "Alvarez Albiol, Victor"]
[Result "1-0"]
[WhiteTitle "GM"]
[WhiteElo "2469"]
[BlackElo "2130"]
[WhiteFideId "2902257"]
[BlackFideId "32065930"]
[EventDate "2021.12.13"]

1. d4 Nf6 2. Nf3 g6 3. g3 Bg7 4. Bg2 O-O 5. O-O d6 6. Re1 Nbd7 7. e4 e5 8. dxe5
Nxe5 9. Nd4 Nc6 10. Nxc6 bxc6 11. e5 dxe5 12. Bxc6 Rb8 13. b3 Bf5 14. Qxd8 Rfxd8
15. Be3 Rd6 16. Bxa7 Rbd8 17. Bb7 Bxc2 18. Na3 Bd3 19. Nc4 Re6 20. Nxe5 Be4 21.
Bxe4 Rxe5 22. Bf3 Rf5 23. Kg2 Ra5 24. Be3 Nd5 25. Bg5 Nf6 26. Bf4 Nd5 27. Bxd5
Bxa1 28. Bxc7 Bc3 29. Bxa5 Bxa5 30. Rd1 Kg7 31. a3 Bb6 32. b4 Rc8 33. Rd2 Rc1
34. Ba2 Ra1 35. a4 Bc7 36. a5 h5 37. h4 Be5 38. a6 Bb8 39. b5 1-0

[Event "8th Sunway Sitges 2021"]
[Site "Sitges ESP"]
[Date "2021.12.13"]
[Round "1.42"]
[White "Halmeenmaki, Tuomo"]
[Black "Kacharava, Nikolozi"]
[Result "0-1"]
[BlackTitle "IM"]
[WhiteElo "2128"]
[BlackElo "2469"]
[WhiteFideId "502774"]
[BlackFideId "13611860"]
[EventDate "2021.12.13"]

1. c4 e6 2. Nf3 d5 3. g3 Nf6 4. Bg2 c6 5. b3 Nbd7 6. Bb2 Bd6 7. O-O e5 8. cxd5
cxd5 9. Nc3 a6 10. Qc2 O-O 11. Nh4 d4 12. Ne4 Nxe4 13. Bxe4 Nf6 14. Bg2 Bg4 15.
Bxb7 Bxe2 16. Rfc1 Ra7 17. Bg2 Rc7 18. Qf5 g6 19. Qb1 Rxc1+ 20. Qxc1 Qa5 21. a3
Qb5 22. b4 Qd3 23. Bb7 Qb3 24. Ng2 Rb8 25. Bc8 a5 26. Ne1 axb4 27. a4 Qc4 28.
Qxc4 Bxc4 29. Bh3 Ra8 30. f4 Nd5 31. fxe5 Bxe5 32. Nf3 Bg7 33. Bxd4 b3 34. Bxg7
Kxg7 35. Ne5 Rxa4 36. Rb1 Nb6 37. Nxc4 Nxc4 38. Rxb3 Nxd2 39. Rd3 Ra1+ 40. Kg2
Ra2 41. Kg1 Ra1+ 42. Kf2 Ne4+ 43. Ke3 f5 44. Bg2 Re1+ 45. Kf4 Kf6 46. Bxe4 g5+ 0-1

[Event "8th Sunway Sitges 2021"]
[Site "Sitges ESP"]
[Date "2021.12.13"]
[Round "1.43"]
[White "Nestorovic, Nikola"]
[Black "Heredia Serrano, Carla"]
[Result "1-0"]
[WhiteTitle "GM"]
[BlackTitle "WGM"]
[WhiteElo "2467"]
[BlackElo "2121"]
[WhiteFideId "934526"]
[BlackFideId "3603687"]
[EventDate "2021.12.13"]

1. e4 c6 2. d4 d5 3. e5 c5 4. dxc5 e6 5. Qg4 Nc6 6. Nf3 h5 7. Qg3 h4 8. Qf4 Bxc5
9. Bd3 Nb4 10. O-O Nxd3 11. cxd3 Bd7 12. Nc3 h3 13. g3 Rh5 14. Be3 Bxe3 15. fxe3
Qb6 16. Na4 Bxa4 17. Qxa4+ Kf8 18. Rae1 Ne7 19. Qa3 Re8 20. g4 Rh6 21. Ng5 Kg8
22. Rxf7 Nc6 23. Rf4 Nxe5 24. d4 Rg6 25. Qa4 Nc6 26. Nxh3 Qxb2 27. Nf2 Qd2 28.
Qd1 Qxa2 29. Qd3 Rh6 30. g5 e5 31. gxh6 exf4 32. Qg6 Re7 33. Ng4 Kh8 34. Kh1 Qd2
35. Rg1 1-0

[Event "8th Sunway Sitges 2021"]
[Site "Sitges ESP"]
[Date "2021.12.13"]
[Round "1.44"]
[White "Beck, Michael2"]
[Black "Kurmann, Oliver"]
[Result "0-1"]
[BlackTitle "IM"]
[WhiteElo "2118"]
[BlackElo "2466"]
[WhiteFideId "1271924"]
[BlackFideId "1308173"]
[EventDate "2021.12.13"]

1. e4 e6 2. d3 d5 3. Nd2 Nf6 4. Ngf3 Nc6 5. c3 a5 6. e5 Nd7 7. d4 f6 8. exf6
Qxf6 9. Bd3 Bd6 10. Nf1 e5 11. dxe5 Ncxe5 12. Be2 c6 13. Nd4 O-O 14. Be3 Nc4 15.
Bxc4 dxc4 16. Nd2 Ne5 17. O-O Ng4 18. h3 Nxe3 19. fxe3 Qe5 20. Rxf8+ Kxf8 21.
Qf1+ Kg8 22. Qxc4+ Kh8 23. Nf1 Bd7 24. Nf3 Qe7 25. Qh4 Qe8 26. Qd4 Bc7 27. Rd1
Be6 28. Qh4 Bxa2 29. c4 b5 30. c5 h6 31. Nd4 Rd8 32. Rd2 Rd5 33. b4 Bc4 34. e4
Rh5 35. Qg4 Rg5 36. Qf3 axb4 37. Nf5 Qe5 38. Rd7 Qxc5+ 39. N1e3 Bb6 40. Kh1 Be6
41. h4 Rxf5 0-1

[Event "8th Sunway Sitges 2021"]
[Site "Sitges ESP"]
[Date "2021.12.13"]
[Round "1.45"]
[White "Quintiliano Pinto, Renato R."]
[Black "Ayza Ballester, Jordi"]
[Result "1-0"]
[WhiteTitle "IM"]
[BlackTitle "FM"]
[WhiteElo "2466"]
[BlackElo "2113"]
[WhiteFideId "2117568"]
[BlackFideId "2200554"]
[EventDate "2021.12.13"]

1. d4 d5 2. c4 c6 3. Nc3 Nf6 4. e3 e6 5. b3 Nbd7 6. Bb2 b6 7. Bd3 Bb7 8. Nge2
Be7 9. O-O O-O 10. Ng3 c5 11. cxd5 cxd4 12. Nb5 Nxd5 13. Nxd4 N7f6 14. a3 Rc8
15. Qd2 Bd6 16. Rfe1 Ng4 17. h3 Ne5 18. Bc2 Ng6 19. Be4 Qe7 20. Nb5 Bb8 21. Rac1
Qh4 22. Bxg6 hxg6 23. Rxc8 Rxc8 24. e4 Nf4 25. Nd6 Rd8 26. Qc3 Qf6 27. Qxf6 gxf6
28. Nxb7 Rd7 29. Bxf6 Rxb7 30. Rd1 Bc7 31. Rd7 Nh5 32. Be5 1-0

[Event "8th Sunway Sitges 2021"]
[Site "Sitges ESP"]
[Date "2021.12.13"]
[Round "1.46"]
[White "Aniruddh, Chatterjee"]
[Black "Rios, Cristhian Camilo"]
[Result "0-1"]
[BlackTitle "GM"]
[WhiteElo "2112"]
[BlackElo "2460"]
[WhiteFideId "35076060"]
[BlackFideId "4403940"]
[EventDate "2021.12.13"]

1. d4 d5 2. c4 e6 3. Nc3 Bb4 4. a3 Bxc3+ 5. bxc3 c6 6. e3 Nf6 7. f3 O-O 8. Bd3
b6 9. Ne2 Ba6 10. cxd5 Bxd3 11. Qxd3 cxd5 12. c4 Nc6 13. O-O Na5 14. cxd5 Qxd5
15. Bd2 Qc4 16. Qxc4 Nxc4 17. Ra2 Rfc8 18. e4 Nd7 19. Bc3 f6 20. Kf2 Kf7 21. Rc1
Rc7 22. Be1 Rac8 23. Rac2 e5 24. Bb4 exd4 25. Nxd4 Nde5 26. Bd6 Nd3+ 27. Kg1
Nxc1 28. Bxc7 Rxc7 29. Rxc1 a6 30. a4 g6 31. Kf2 Ke7 32. Ne2 Rc5 33. Nf4 Nb2 34.
Rb1 Rc2+ 35. Kg3 Nxa4 36. Nd5+ Ke6 37. Ra1 b5 38. Nb4 Rc4 39. Nxa6 Nc3 40. Ra3
Ke5 41. Rb3 Kd4 42. h4 Ra4 43. Nc7 b4 44. Rb2 Kc4 45. Rd2 b3 46. Ne6 Ra2 47.
Rd4+ Kb5 48. Rd3 b2 49. Rxc3 b1=Q 50. Nc7+ Ka4 51. Nd5 Qe1+ 52. Kh3 Qh1+ 53. Kg3
Rxg2+ 54. Kf4 Qxh4+ 0-1

[Event "8th Sunway Sitges 2021"]
[Site "Sitges ESP"]
[Date "2021.12.13"]
[Round "1.47"]
[White "Aditya, Mittal"]
[Black "Ezquerro Luque, Albert"]
[Result "1-0"]
[WhiteTitle "IM"]
[WhiteElo "2459"]
[BlackElo "2112"]
[WhiteFideId "35042025"]
[BlackFideId "2276682"]
[EventDate "2021.12.13"]

1. d4 Nf6 2. c4 e6 3. Nc3 d5 4. cxd5 Nxd5 5. e4 Nxc3 6. bxc3 Nd7 7. Nf3 Be7 8.
Bd3 O-O 9. e5 Re8 10. h4 c5 11. Ng5 Bxg5 12. Bxh7+ Kxh7 13. hxg5+ Kg8 14. Qh5
Kf8 15. g6 fxg6 16. Qxg6 Kg8 17. Rh7 Qe7 18. Qh5 1-0

[Event "8th Sunway Sitges 2021"]
[Site "Sitges ESP"]
[Date "2021.12.13"]
[Round "1.48"]
[White "Lorans, Sylvain"]
[Black "Taher, Yoseph Theolifus"]
[Result "0-1"]
[BlackTitle "IM"]
[WhiteElo "2110"]
[BlackElo "2455"]
[WhiteFideId "605794"]
[BlackFideId "7105347"]
[EventDate "2021.12.13"]

1. d4 Nf6 2. c4 c5 3. d5 b5 4. cxb5 a6 5. e3 e6 6. dxe6 fxe6 7. Nc3 Bb7 8. Nf3
Be7 9. Be2 axb5 10. Bxb5 O-O 11. O-O Qc7 12. Re1 Ng4 13. e4 Nc6 14. h3 Nxf2 15.
Kxf2 Nd4 16. Re3 Qh2 17. Qg1 Bh4+ 18. Kf1 Qg3 19. Bd2 Nxf3 20. Rxf3 Rxf3+ 21.
gxf3 Qxf3+ 0-1

[Event "8th Sunway Sitges 2021"]
[Site "Sitges ESP"]
[Date "2021.12.13"]
[Round "1.49"]
[White "Ayats Llobera, Gerard"]
[Black "Nawin, J J"]
[Result "1-0"]
[WhiteTitle "IM"]
[WhiteElo "2448"]
[BlackElo "2109"]
[WhiteFideId "32067607"]
[BlackFideId "45031231"]
[EventDate "2021.12.13"]

1. e4 c5 2. Nf3 d6 3. d4 cxd4 4. Nxd4 Nf6 5. Nc3 a6 6. Bc4 e6 7. Bb3 b5 8. Be3
Be7 9. a3 O-O 10. Qe2 Qc7 11. O-O-O Nc6 12. Kb1 Bd7 13. Rhg1 Rfb8 14. g4 Ne5 15.
g5 Ne8 16. f4 Nc4 17. f5 Rc8 18. Bc1 Qc5 19. Rg3 a5 20. Na2 e5 21. Nf3 g6 22.
Bxc4 Qxc4 23. Qxc4 Rxc4 24. Nxe5 dxe5 25. Rxd7 Bc5 26. Rc3 Nd6 27. Rxc4 bxc4 28.
Nc3 gxf5 29. exf5 Rb8 30. Na4 Bxa3 31. Ka2 Bb4 32. c3 Nxf5 33. cxb4 axb4 34. Kb1
Nd4 35. Be3 Ne6 36. Nc5 Nxc5 37. Bxc5 b3 38. Bd6 Rb5 39. Kc1 Kg7 40. Re7 Kg6 41.
Rxe5 Rxe5 42. Bxe5 Kxg5 43. Kd2 Kf5 44. Bc7 Ke4 45. Kc3 Kd5 46. Bf4 h5 47. Bg5
f5 48. h4 Ke4 49. Kxc4 f4 50. Kc3 Kf3 51. Kd2 Kg4 52. Ke1 Kg3 53. Ke2 Kg4 54.
Kf2 f3 55. Be7 Kf4 56. Bd8 Ke4 57. Bg5 1-0